Mama, Do you love me? / (Record no. 4781)

MARC details
000 -LEADER
fixed length control field 00921nam a22003017a 4500
001 - CONTROL NUMBER
control field 4781
003 - CONTROL NUMBER IDENTIFIER
control field FISKH
005 - DATE AND TIME OF LATEST TRANSACTION
control field 20241010144936.0
008 - FIXED-LENGTH DATA ELEMENTS--GENERAL INFORMATION
fixed length control field 241010b cb ||||| |||| 00| 0 eng d
020 ## - INTERNATIONAL STANDARD BOOK NUMBER
International Standard Book Number 0590459848
040 ## - CATALOGING SOURCE
Original cataloging agency FISKH
Language of cataloging eng
Transcribing agency FISKH
Modifying agency FISKH
050 ## - LIBRARY OF CONGRESS CALL NUMBER
Classification number PZ7.J7435
082 ## - DEWEY DECIMAL CLASSIFICATION NUMBER
Classification number 468
100 ## - MAIN ENTRY--PERSONAL NAME
Personal name M.Joosse, Barbara
Dates associated with a name (1949-)
245 ## - TITLE STATEMENT
Title Mama, Do you love me? /
Statement of responsibility, etc. by Barbara M.Joosse illustrated by Barbara Lavallee
250 ## - EDITION STATEMENT
Edition statement First printing in 1992
260 ## - PUBLICATION, DISTRIBUTION, ETC.
Place of publication, distribution, etc. San Francisco :
Name of publisher, distributor, etc. Scholastic,
Date of publication, distribution, etc. 1991.
300 ## - PHYSICAL DESCRIPTION
Extent 24 pages :
Other physical details Color illustrations ;
Dimensions 25 cm
505 ## - FORMATTED CONTENTS NOTE
Formatted contents note J<br/>
520 ## - SUMMARY, ETC.
Summary, etc. A child living in the Arctic learns that a mother's love is unconditional.
521 8# - TARGET AUDIENCE NOTE
Target audience note 480L<br/>
Source Lexile<br/>
521 8# - TARGET AUDIENCE NOTE
Target audience note J<br/>
Source Raz-Plus<br/>
650 ## - SUBJECT ADDED ENTRY--TOPICAL TERM
Source of heading or term Multicultural
Topical term or geographic name entry element Picture book
650 ## - SUBJECT ADDED ENTRY--TOPICAL TERM
Source of heading or term Mothers
Topical term or geographic name entry element Mother's Day
700 ## - ADDED ENTRY--PERSONAL NAME
Personal name Lavalle, Barbara
Dates associated with a name Illustrator
942 ## - ADDED ENTRY ELEMENTS (KOHA)
Source of classification or shelving scheme Dewey Decimal Classification
Koha item type Books
Suppress in OPAC No
Holdings
Withdrawn status Lost status Source of classification or shelving scheme Damaged status Not for loan Collection Home library Current library Shelving location Date acquired Total Checkouts Full call number Barcode Date last seen Date last checked out Copy number Price effective from Koha item type Date due
    Dewey Decimal Classification     Fiction Footprints International School Library Network Toul Kork Campus Footprints International School Library Network Toul Kork Campus TK Primary Library Room(4th Floor), Bookcase 1&2, Shelves 1-16, Dark Blue Books 10/10/2024 1 JOO 468 PZ7.J7435 2024-2131 06/06/2025 04/08/2025 1 10/10/2024 Books  
    Dewey Decimal Classification     Fiction Footprints International School Library Network Toul Tom Poung Campus Footprints International School Library Network Toul Tom Poung Campus TTP Primary Dark Blue Bookshelves 07/29/2025   JOO 468 PZ7.J7435 FISBK05934 07/29/2025   2 07/29/2025 Books  
    Dewey Decimal Classification     Fiction Footprints International School Library Network Toul Tom Poung Campus Footprints International School Library Network Toul Tom Poung Campus TTP Primary Dark Blue Bookshelves 09/09/2025 1 JOO 468 PZ7.J7435 FIS01746 04/23/2026 04/23/2026 3 09/09/2025 Books 05/07/2026